000 00418nam a22001697a 4500
003 NUST - PNEC
005 20170116181128.0
008 151006b xxu||||| |||| 00| 0 eng d
020 _a-
040 _cLIBRARY
082 _a657.3 GLA
100 _913831
_aGlautier, M W E
245 _aBasic financial accounting
_cM W E Glautier
260 _c-
650 _913834
_aFinancial Accounting
_xMIS
942 _2ddc
_cBK
999 _c69858
_d69858